Principles of environmental toxicology
Salvato in:
| Autore principale: | |
|---|---|
| Natura: | Libro |
| Lingua: | inglese |
| Pubblicazione: |
Washington, D.C
American Chemical Society
1991
|
| Serie: | ACS professional reference book
|
| Soggetti: | |
| Tags: |
Aggiungi Tag
Nessun Tag, puoi essere il primo ad aggiungerne!!
|
MARC
| LEADER | 00000nam a2200000 a 4500 | ||
|---|---|---|---|
| 001 | UCW2698 | ||
| 003 | CL-VaPUC | ||
| 008 | 930304e19910000US |||||||||||||||||eng|d | ||
| 082 | 0 | 4 | |a 615.902 |b ZAK |2 21 |
| 100 | 0 | |a Zakrzewski, Sigmund F |e author |9 306969 | |
| 245 | 1 | 0 | |a Principles of environmental toxicology |
| 300 | |a 270 p | ||
| 942 | |c BK | ||
| 945 | |d 19930304 00:00:00 | ||
| 260 | |a Washington, D.C |b American Chemical Society |c 1991 | ||
| 650 | 7 | |a CONTAMINACION |2 CL-VaPUC |9 258139 | |
| 650 | 0 | |a Aspectos ambientales |9 258658 | |
| 650 | 7 | |a TOXICOLOGIA |2 CL-VaPUC |9 306970 | |
| 583 | |a last modification |c 19930304 00:00:00 |k Rodrigo Vera | ||
| 490 | 0 | |a ACS professional reference book | |
| 999 | |c 217182 |d 217180 | ||
| 952 | |0 0 |1 0 |4 0 |6 615_902000000000000_ZAK_1991 |7 0 |8 A |9 204027 |a BIBCUR |b BIBCUR |d 2019-11-15 |i 271258K |o 615.902 ZAK 1991 |p 271258K |r 2025-04-22 |w 2019-11-15 |y BK |k QUI | ||